Estatísticas para As Maiores Cidades do Norte do Brasil

Clique aqui para jogar o quiz

Estatísticas Gerais

  • Esse quiz foi jogado 46 vezes
  • A pontuação média é 16 de 30

Estatísticas das Respostas

PopulaçãoCidadeEstado% Correto
1.303.389BelémPA
100%
2.063.547ManausAM
100%
302.692PalmasTO
100%
364.756Rio BrancoAC
100%
442.933MacapáAP
95%
460.413Porto VelhoRO
95%
413.486Boa VistaRR
92%
331.937SantarémPA
68%
478.778AnanindeuaPA
66%
266.536MarabáPA
63%
124.333Ji-ParanáRO
55%
96.372ParintinsAM
55%
126.279AltamiraPA
53%
91.888Cruzeiro do SulAC
53%
192.262CastanhalPA
47%
171.301AraguaínaTO
45%
266.424ParauapebasPA
42%
95.832VilhenaRO
42%
105.538ParagominasPA
39%
123.082BragançaPA
37%
134.184CametáPA
37%
107.373SantanaAP
37%
96.833AriquemesRO
34%
103.598ItacoatiaraAM
32%
123.312ItaitubaPA
32%
101.883ManacapuruAM
32%
158.188AbaetetubaPA
21%
126.650BarcarenaPA
18%
110.515MaritubaPA
18%
106.968BrevesPA
16%

Distribuição das Pontuações

Percentil de Números Respondidos

Porcentagem de Pessoas com Cada Pontuação

Sua Pontuação Histórica

Você não jogou esse quiz